01754nam a2200277 a 450000100100000000500170001000800410002704000250006810000350009324503010012826000720042930000180050149000310051950000740055050000740062450501100069854600320080870000400084083000390088095201080091995201080102795201080113595201080124395201080135199900170145900003919920201002031536.0130611s1970 sp 000 0 spa d aDO-SdBNPbspacBNPHU1 aDíez Macho, Alejandro96538510aNeophyti 1 :bTargum Palastinense ms de la Biblioteca Vaticana /cAlejandro Díez Macho ; Edición príncipe, introducción y versión castellana por Alejandro Díez Macho. Traducciones cotejadas de la versión castellana: francesa: R. Le Déaut; inglesa: Martin McNamara y Michael Maher. aMadrid :bConsejo Superior de Investigaciones Científicas,c1970. a6v. ;c28 cm.1 aTextos y estudiosv8-11,20 aIncluye referencias bibliográficas y notas al pie de las págianas aSeminario Filológico Cardenal Cisneros del Instituto Arias Montano.0 av.1 .tGénesisgv. 2tÉxodogv. 3tLevíticogv. 4tNúmerogv. 5tDeuterónimogv. 6tApéndices aTexto en español y hebreo1 aDíez Macho, Alejandroeed.965385 0aTextos y estudiosv8-11, 20965386 001050718MOaGRbGRcCTd2013-06-11iLF1l0ov. 2p39199-10r2020-06-25w2020-06-25y1ZNo se presta 001050718MOaGRbGRcCTd2013-06-11iLF1l0ov. 3p39199-20r2020-06-25w2020-06-25y1ZNo se presta 001050718MOaGRbGRcCTd2013-06-11iLF1l0ov. 4p39199-30r2020-06-25w2020-06-25y1ZNo se presta 001050718MOaGRbGRcCTd2013-06-11iLF1l0ov. 5p39199-40r2020-06-25w2020-06-25y1ZNo se presta 001050718MOaGRbGRcCTd2013-06-11iLF1l0ov. 6p39199-50r2020-06-25w2020-06-25y1ZNo se presta c38689d38689